Rhymes With Black - Statistics

General Stats
  • This quiz has been taken 608 times
  • The average score is 22 of 24
Answer Stats
Hint Answer % Correct
B Back
99%
J Jack
99%
H Hack
98%
L Lack
98%
R Rack
98%
P Pack
97%
Q Quack
97%
S Sack
97%
C Crack
96%
F Flack
94%
S Slack
94%
S Stack
94%
T Tack
94%
T Track
94%
C Clack
93%
Y Yack
91%
F Frack
90%
S Smack
90%
S Shack
88%
S Snack
88%
W Whack
88%
Y Yak
84%
P Plaque
75%
K Knack
62%
No matching quizzes found
Score Distribution
Percent of People with Each Score
Percentile by Number Answered
Your Score History
You have not taken this quiz